00528nam a2200181 a 45000010010000000030011000100080041000210350026000620820016000881000017001042450019001212600052001406500017001929420012002099520090002219980020003119990015003310000-9361ELIB.Books110520 1992  a(ELIB.Books)0000-9513 a232.9 bWri aWright, N.T. aWho was Jesus? bGrand Rapids: Wm. B. Eerdmans Publishing c1992 aJesus Christ 2ddccBK 00102ddc4070aKBTSbKBTSd2011-05-20l0p3063r2022-01-22 00:00:00w2022-01-22yBK cbate2011-05-20 c9361d9361